Amerikanskij liberalizm. Illjuzii i real´nosti.

Uložené v:
Podrobná bibliografia
Hlavný autor: Valjuženič, Anatolij Vasil´jevič (Author)
Médium: Kniha
Jazyk:Russian
Vydané: Moskva : Nauka, 1976.
Fyzický popis: 340 strán.
Tagy: Pridať tag
Žiadne tagy, Buďte prvý kto otaguje tento záznam!

MARC

LEADER 00000nam a22000002i 4500
001 000640607
005 20200604133246.0
008 200604s1976 ru e 000 0 rus d
020 |c Kčs 23,00  |q (viazané) 
040 |a SVKKK  |b slo  |c SVKKK  |e rda 
100 1 |a Valjuženič, Anatolij Vasil´jevič  |4 aut 
245 1 0 |a Amerikanskij liberalizm. Illjuzii i real´nosti. 
264 1 |a Moskva :  |b Nauka,  |c 1976. 
300 |a 340 strán. 
336 |a text  |b txt  |2 rdacontent 
337 |a bez média  |b n  |2 rdamedia 
338 |a zväzok  |b nc  |2 rdacarrier 
500 |a Záznam revízie 
910 |a svkkk 
998 |a BK 
090 |g SCKHL  |k Sklad Pribinova 2. posch.  |a III.112604  |j 567980  |i 2720737822  |4 Zastaraná  |s Vyradená